| 000 | 00928nam a2200253 i 4500 | ||
|---|---|---|---|
| 001 | 6188 | ||
| 003 | ES-MaACL | ||
| 005 | 20240602063025.0 | ||
| 007 | t| | ||
| 008 | 890825s19881992sp a |||| | spa d | ||
| 020 | _a84-404-1541-9 | ||
| 080 | _a9(467.33)"1834/1936" | ||
| 100 | 1 |
_aRamos, Vicente, _d1919-2011 _9170547 |
|
| 245 | 1 | 0 |
_aHistoria parlamentaria, política y obrera de la provincia de Alicante / _cVicente Ramos. |
| 260 |
_aAlicante : _b[s.n.], _c1988-1992. |
||
| 300 |
_a4 v. : _bil. ; _c22 cm. |
||
| 500 | _aÍndices. | ||
| 505 | 8 |
_aContiene: I ; _t1834-1870 - II ; _t1871-1890 - III ; _t1891-1909 - IV ; _t1910-1936 |
|
| 650 |
_aMovimiento obrero- _zAlicante (Provincia) _9167880 |
||
| 651 | 4 |
_aAlicante (Provincia)- _xPolítica y gobierno- _vHistoria. _9167881 |
|
| 651 | 4 |
_aAlicante (Provincia)- _xSituación social- _vHistoria. _9167882 |
|
| 852 |
_aES-MaACL _jL-16249-52 |
||
| 999 |
_c6188 _d6188 |
||